000 00286nam a2200133Ia 4500
100 _aWilcox/ A.D.
942 _cBK
654 _aComputer
245 _a68000 Microcomputer Systems
260 _bPrentice Hall
_aNew Jersey
_c1987
082 _a4.16
546 _aENGLISH
999 _c35547
_d35547